000 00263nam a22001217a 4500
008 260407b ||||| |||| 00| 0 eng d
041 _aShqip
080 _a1.1
100 _a30
101 _ahis
245 _aTekste të Vjetra
_cRexhep Ismajli
942 _2udc
_cBK
999 _c60964
_d60964